| 000 | 02700nam a2200361 a 4500 | ||
|---|---|---|---|
| 001 | eep9781848449367 | ||
| 003 | UtOrBLW | ||
| 005 | 20210215104218.0 | ||
| 006 | m o d | ||
| 007 | cr un||||||||| | ||
| 008 | 130319s2009 enkad ob 001 0 eng d | ||
| 010 | _a 2009903384 | ||
| 020 | _a9781848449367 (e-book) | ||
| 040 | _aUtOrBLW | ||
| 043 | _an-us--- | ||
| 050 | 4 |
_aHD4461 _b.E96 2009 |
|
| 245 | 0 | 4 |
_aThe evolution of water resource planning and decision making _h[electronic resource] / _cedited by Clifford S. Russell, Duane D. Baumann. |
| 260 |
_aCheltenham, U.K. ; _aNorthampton, Mass. : _bEdward Elgar, _c2009. |
||
| 300 |
_a1 online resource (xx, 299 p.) : _bill. |
||
| 490 | 1 | _aIWR Maass-White series | |
| 500 | _aTitle from cover. | ||
| 504 | _aIncludes bibliographical references and index. | ||
| 505 | 0 | _a1. Water resources planning : past, present and future / John J. Boland and Duane Baumann -- 2. A history of the United States water resources planning and development / Warren Viessman, Jr. -- Appendix 2.1 Evolution of public involvement in water planning / Jerome Delli Priscoli -- Appendix 2.2 Nebraska natural resource districts -- 3. The theory and practice of benefit-cost analysis / John J. Boland, Nicholas Flores and Charles W. Howe -- 4. Environmental issues and options in water resources planning and decision making / David H. Moreau and Daniel P. Loucks -- 5. On the collaboration of ecologists and economists / Clifford S. Russell and Mark Sagoff -- 6. Political decision making : real decisions in real political contexts / Peter Rogers, Lawrence MacDonnell and Peter Lydon -- Appendix 6.1 Overview of American law for allocation of water -- 7. Making the transition : moving water resources planning and management into the twenty-first century / Gerald E. Galloway. | |
| 520 | _aThis broad review of the development of US water resource policy analysis and practice offers perspectives from several disciplines: law, economics, engineering, ecology and political science. The historical context provided goes back to the early 19th century, but the book concentrates on the past 60 years. A key feature is a discussion of the difficulty that has generally been encountered in bringing the disciplines of economics and ecology into collaboration in the water resource context. | ||
| 650 | 0 |
_aWater utilities _zUnited States. |
|
| 655 | 7 |
_aElectronic books. _2lcsh |
|
| 700 | 1 | _aRussell, Clifford S. | |
| 700 | 1 | _aBaumann, Duane D. | |
| 710 | 2 | _aEdward Elgar Publishing. | |
| 776 | 1 |
_z9781848440470 (hardback) _z9781848447158 (pbk.) |
|
| 830 | 0 | _aIWR Maass-White series. | |
| 856 | 4 | 0 | _uhttps://www.elgaronline.com/view/9781848440470.xml |
| 999 |
_c28973 _d28973 |
||